000 00447cam a2200145 4500500
005 20251012012547.0
041 _afre
042 _adc
100 1 0 _aMaillard, Denis
_eauthor
245 0 0 _aVita contemplativa
260 _c2024.
500 _a76
786 0 _nPhilosophie magazine | 178 | 4 | 2024-04-01 | p. 50-50 | 1951-1787
856 4 1 _uhttps://shs.cairn.info/magazine-philosophie-magazine-2024-4-page-50?lang=fr&redirect-ssocas=7080
999 _c1527212
_d1527212